000 00361nam a2200145Ia 4500
005 20251222144623.0
008 251222s9999||||xx |||||||||||||| ||spa||
020 _a968-23-0036-3
082 _a985.019/M97O/2007
100 _aMurra, John V.
245 0 _aLa Organización Económica del Estado Inca
250 _a7a.ed.
264 _bSiglo XXI
942 _cLIB
999 _c16020
_d16020